=LDR 00000nam 2200000 4500 =001 INLIS000000000028875 =005 20130612131141 =008 ***********************************Ind** =035 ##$$0010-061300000028875 =041 ##$$a Ind =082 ##$$a 625.702 =090 ##$$a 625.702, Win j =100 ##$$a Winarno, Bondan =245 ##$$a Jalansutra, Bondan Winarno =260 ##$$a 2003 $b Jakarta =300 ##$$a 435 hlm, 21 cm =850 ##$$a NBPNMAT